000 00652nam a22002177a 4500
999 _c8050
_d8050
003 OSt
005 20230116114942.0
008 230116b ||||| |||| 00| 0 eng d
020 _a0415417805
040 _cddc
082 _a362.7 WIL 2007
100 _aWilson ,Harriett
_916380
245 _aParents and children in the inner city.
260 _aLondon ; Boston :
_b Routledge & Kegan Paul,
_c2007
300 _ax, 248 pages :
_b illustrations ;
_c24 cm
504 _aIncludes indexes.
650 _aUrban economics.
_98660
650 _aPoor -- England -- Midlands.
_916381
650 _aCost and standard of living
_916382
942 _2ddc
_cBOOK